Articles of agreement of the International Monetary Fund
Gespeichert in:
| Format: | Buch |
|---|---|
| Sprache: | Englisch |
| Veröffentlicht: |
Washington, D.C.
International Monetary Fund
2011
|
| Schlagworte: | |
| Tags: |
Keine Tags, Fügen Sie das erste Tag hinzu!
|
MARC
| LEADER | 00000nam$a2200000$$$4500 | ||
|---|---|---|---|
| 001 | 0147049 | ||
| 005 | 20221207093344.9 | ||
| 020 | |a 978-1-61635-104-5 | ||
| 041 | 0 | |a eng | |
| 044 | |a US | ||
| 245 | 1 | 0 | |a Articles of agreement of the International Monetary Fund |
| 264 | 1 | |a Washington, D.C. |b International Monetary Fund |c 2011 | |
| 300 | |a viii, 123 s. | ||
| 610 | 2 | 0 | |a Medzinárodný menový fond |
| 610 | 2 | 0 | |a zmluvy medzinárodné |
| 610 | 2 | 0 | |a dohody Bretton-Woodske |